000 00780nam a2200313Ia 4500
001 Z_6487
003 CHAP
008 220113s9999 xx 000 0 und d
010 _a169752
020 _a968-6672-14
040 _cCHAP
082 _a823 W23 D42
100 _aWallace, Edgar, 1875 -1932
_9144926
245 _aEl degollador /
_cEdgar Wallace
260 _aMéxico :
_bOffset,
_c
300 _a257 p.
440 _a(Colección Enigmas)
_9134449
503 _aej.1: donación 2014
504 _aIncluye índice
650 _aLiteratura inglesa
_967134
650 _aNovela inglesa
_982023
650 _aNovela policiaca y de misterio
_9144927
901 _a823 W23 D42
902 _aM
910 _a
942 _c1
942 _cc1
999 _c169752
_d169752